| 000 | 00548nam a2200181 a 4500 | ||
|---|---|---|---|
| 005 | 20220603063639.0 | ||
| 008 | 080303s2005 mx r 000 0 spa d | ||
| 035 | _aUPN01000154693 | ||
| 049 | _aI | ||
| 050 | 4 |
_aPZ76.3 _bM5.4 |
|
| 100 | 1 | _aMilbourne, Anna | |
| 245 | 1 | 3 |
_aLa mariposa / _cAnna Milbourne ; tr. BegoƱa Escorihuela ; il. Cathy Shimmen. |
| 260 |
_a[Reino Unido] : _bUsborne, _cc2005. |
||
| 300 |
_a[24] p. : _bil. col. |
||
| 650 | 4 |
_aMARIPOSAS - _vCUENTOS Y LEYENDAS _98594 |
|
| 650 | 4 |
_aCuentos infantiles _96744 |
|
| 905 | _aInfantil | ||
| 999 |
_c126810 _d126810 |
||